00351pam a2200133a 44500008004100000020002900041082001600070100001600086245004400102260003000146300001100176906001100187999001900198230405s2018 xxu||||| |||| 00| 0 eng d a9789386310439cRs. 650/- a610.73bSON aSoni, Samta aNational Health Programmes and Policies aNew DelhibCBS Pub.c2018 a571 p. a003880 c252111d252111